Oxford Handbook of Clinical Hematology / (Record no. 595559)
[ view plain ]
| 000 -LEADER | |
|---|---|
| fixed length control field | 00572nam a22001697a 4500 |
| 020 ## - INTERNATIONAL STANDARD BOOK NUMBER | |
| International Standard Book Number | 9780198809357 |
| 082 ## - DEWEY DECIMAL CLASSIFICATION NUMBER | |
| Classification number | 616.15 |
| Author Mark | PRO |
| 100 ## - MAIN ENTRY--PERSONAL NAME | |
| Personal name | Provan, Drew; Baglin, Trevor.; Dokal, Inderjeet; Vos, Johannes de |
| 9 (RLIN) | 114157 |
| 245 ## - TITLE STATEMENT | |
| Title | Oxford Handbook of Clinical Hematology / |
| Statement of responsibility, etc. | Drew Provan; Inderjeet Dokal; Johannes de Vos; Trevor Baglin |
| 250 ## - EDITION STATEMENT | |
| Edition statement | 4th Edition. |
| 260 ## - PUBLICATION, DISTRIBUTION, ETC. | |
| Place of publication, distribution, etc. | Karachi : |
| Name of publisher, distributor, etc. | Oxford University Press, |
| Date of publication, distribution, etc. | 2017. |
| 300 ## - PHYSICAL DESCRIPTION | |
| Extent | 824 p. ; |
| Other physical details | ill, |
| Dimensions | 18 cm. |
| 563 ## - BINDING INFORMATION | |
| Binding note | PBK. |
| 650 ## - SUBJECT ADDED ENTRY--TOPICAL TERM | |
| Topical term or geographic name entry element | Blood--Diseases |
| 9 (RLIN) | 113577 |
| 650 ## - SUBJECT ADDED ENTRY--TOPICAL TERM | |
| Topical term or geographic name entry element | Hematology |
| 9 (RLIN) | 113578 |
| 942 ## - ADDED ENTRY ELEMENTS (KOHA) | |
| Source of classification or shelving scheme | |
| Koha item type | Book |
| Withdrawn status | Lost status | Source of classification or shelving scheme | Damaged status | Not for loan | Permanent Location | Current Location | Shelving location | Date acquired | Source of acquisition | Cost, normal purchase price | Full call number | Barcode | Date last seen | Cost, replacement price | Price effective from | Koha item type |
|---|---|---|---|---|---|---|---|---|---|---|---|---|---|---|---|---|
| NUST School of Health Sciences (NSHS) | NUST School of Health Sciences (NSHS) | General Stacks | 08/16/2023 | Prince Books | 1050.00 | 616.15 PRO | NSHS-1748 | 08/16/2023 | 2100.00 | 08/16/2023 | Book |
